Reglamento del Ateneo de Tortosa
Descripción Física:
21 p. ; 15 cm
Materias:
Ateneu de Tortosa -- Reglament
MARC
| LEADER | 00000nam a2200000Ia 4500 | ||
|---|---|---|---|
| 001 | 17544 | ||
| 003 | BGR | ||
| 005 | 20260324180158.0 | ||
| 008 | 160829s1917 xx 000 0 cat d | ||
| 080 | |a 3738, exp. 9 | ||
| 110 | 2 | |9 70409 |a Ateneu de Tortosa | |
| 245 | |a Reglamento del Ateneo de Tortosa | ||
| 260 | |a Tortosa : |b Imp. Querol, |c 1917 | ||
| 300 | |a 21 p. ; |c 15 cm | ||
| 590 | |a Es troba a 3738, exp. 9 | ||
| 610 | 2 | 0 | |9 70409 |a Ateneu de Tortosa |x Reglament |
| 901 | |a Arxiu | ||
| 942 | |n 1 |2 udc |c MON | ||
| 952 | |0 0 |1 0 |4 0 |6 3738_EXP_9 |7 1 |9 54718 |a Arxiu |b Arxiu |d 2016-12-01 |l 0 |o 3738, exp. 9 |p 17544 |r 2016-12-01 00:00:00 |w 2016-12-01 |y ARXIU | ||
| 999 | |c 58587 |d 58587 | ||